000 00696nam a2200217Ii 4500
003 JO-AjNU
008 230605s9999||||xx |||||||||||||| ||und||
017 _a2009/2/648
040 _aJO-AjNU
_bara
_erda
_cJO-AjNU
041 _aara
050 1 4 _aPJ7942 2009
100 3 _aالكوز، عدنان حسين,
_eauthor
_950535
245 0 0 _aديوان نسمة الاشتياق (من حنيني للوطن...أحن إليك)
250 _aط1
264 3 1 _aعمان: المؤلف، 2009
300 _a99ص
336 _atext
_btxt
_2rdacontent
337 _aunmediated
_bn
_2rdamedia
338 _avolume
_bnc
_2rdacarrier
650 4 _aالشعر العربي - العصر الحديث
_950536
999 _aA22267
_c25835
_d25835